Eskapisme Anwar

Bibliographic Details
Main Author: Halim Mahmood
Format: Book
Published: Kuala Lumpur : Tinta Enterprise , 1993
Subjects:

MARC

LEADER 00000cam a2200000 7i4500
001 0000003722
002 000004009
005 20000330.0
020 |a T000000313 
090 0 0 |a 324.22   |b HAL 
100 0 |a Halim Mahmood 
245 1 0 |a Eskapisme Anwar   |c Halim Mahmood 
260 |a Kuala Lumpur :   |b Tinta Enterprise ,   |c 1993 
300 |a 139p. ;   |c 20cm. 
650 0 0 |a Political parties   |z Malaysia 
650 0 0 |a UMNO 
651 0 |a Malaysia   |x Politics and government 
999 |a 037170   |b BUKU   |c MALAYSIANA   |e PERPUSTAKAAN KOMUNITI PETALING JAYA